Sanskrut ke adi natakkar mahakavi bhas (Record no. 1377829)

MARC details
000 -LEADER
fixed length control field 00804nam a2200313Ia 4500
008 - FIXED-LENGTH DATA ELEMENTS--GENERAL INFORMATION
fixed length control field 160525s9999||||xx |||||||||||||| ||und||
040 ## - CATALOGING SOURCE
Transcribing agency Hindi
082 ## - DEWEY DECIMAL CLASSIFICATION NUMBER
Classification number vii.A (author)
082 ## - DEWEY DECIMAL CLASSIFICATION NUMBER
Item number BORI-29727
100 ## - MAIN ENTRY--PERSONAL NAME
Personal name Nemichandra shastri
245 ## - TITLE STATEMENT
Title Sanskrut ke adi natakkar mahakavi bhas
250 ## - EDITION STATEMENT
Remainder of edition statement 1st
260 ## - PUBLICATION, DISTRIBUTION, ETC. (IMPRINT)
Place of publication, distribution, etc Bhopal
260 ## - PUBLICATION, DISTRIBUTION, ETC. (IMPRINT)
Name of publisher, distributor, etc Madhyapradesh hindi granth academy
260 ## - PUBLICATION, DISTRIBUTION, ETC. (IMPRINT)
Date of publication, distribution, etc 1672
300 ## - PHYSICAL DESCRIPTION
Extent 14+565
300 ## - PHYSICAL DESCRIPTION
Dimensions B
300 ## - PHYSICAL DESCRIPTION
Accompanying material Paperback
530 ## - ADDITIONAL PHYSICAL FORM AVAILABLE NOTE
Availability source Govt. of india
530 ## - ADDITIONAL PHYSICAL FORM AVAILABLE NOTE
Uniform Resource Identifier <a href="00030724.pdf">00030724.pdf</a>
563 ## - BINDING INFORMATION
Binding note Study
600 ## - SUBJECT ADDED ENTRY--PERSONAL NAME
Personal name Nemichandra shastri
630 ## - SUBJECT ADDED ENTRY--UNIFORM TITLE
Uniform title Sanskrut ke adi natakkar mahakavi bhas
650 ## - SUBJECT ADDED ENTRY--TOPICAL TERM
Topical term or geographic name as entry element Author
650 ## - SUBJECT ADDED ENTRY--TOPICAL TERM
Topical term or geographic name as entry element Classical lit.
700 ## - ADDED ENTRY--PERSONAL NAME
Personal name Nemichandra shastri
730 ## - ADDED ENTRY--UNIFORM TITLE
Uniform title Sanskrut ke adi natakkar mahakavi bhas
942 ## - ADDED ENTRY ELEMENTS (KOHA)
Koha item type Book
Holdings
Withdrawn status Lost status Damaged status Not for loan Home library Current library Date acquired Cost, normal purchase price Total Checkouts Full call number Barcode Date last seen Cost, replacement price Price effective from Koha item type
        Bhandarkar Oriental Research Institute, Pune Bhandarkar Oriental Research Institute, Pune 05/08/1976 22.00   BORI-29727 BORI-29727 05/25/2016 22.00 05/25/2016 Book